Trecute premii

Pohľad na vybranú rumunskú literatúru a kultúru.

Na minha lista:
Detalhes bibliográficos
Autor principal: Spiridon, Vasile, 1958-
Formato: Capítulo de Livro
Idioma:romeno
Assuntos:
Tags: Adicionar Tag
Sem tags, seja o primeiro a adicionar uma tag!

MARC

LEADER 00000naa a2200000 4500
001 0281039
005 20240502083901.8
041 0 |a rum 
044 |a RO 
245 1 0 |a Trecute premii  |c Vasile Spiridon 
520 |a Pohľad na vybranú rumunskú literatúru a kultúru. 
610 2 0 |a kultúra 
610 2 0 |a literatúra 
610 2 0 |a Rumunsko 
610 2 0 |a rumunčina 
100 1 |a Spiridon, Vasile, 1958-